000 00422nam a2200133Ia 4500
008 220204s9999 xx 000 0 und d
082 _a338.43.01
_bNRP.26
100 _aJOHN, J
245 0 _aPlantation labour act 1951 and social cost-The case of tea industry
260 _aThiruvananthapuram
_bCentre for Development Studies
_c2013
490 _aNRPPD Discussion paper No.26
700 _aMANSINGH, Pallavi
942 _cBK
999 _c44577
_d44577